Statistics for Famous Voices

Click here to take the quiz!

General Stats

  • This quiz has been taken 6,115 times
  • The average score is 11 of 20

Answer Stats

CluePerson% Correct
Soft-spoken, moonwalking pop-starMichael Jackson
93%
"Go ahead, make my day"Clint Eastwood
85%
The genie from "Aladdin"Robin Williams
79%
"Yo, Adrian!"Sylvester Stallone
77%
"Luke, I am your father"James Earl Jones
74%
Stentorian narrator of
"The Shawshank Redemption"
Morgan Freeman
74%
"It's not a too-mah"Arnold
Schwarzenegger
72%
"Schaken, not schtirred"Sean Connery
72%
President with a Boston accentJohn F. Kennedy
63%
"Thank you, thank you very much"Elvis Presley
61%
Haow miny roads must a man walk
down / before you call him a man
Bob Dylan
51%
Voice of Peter and Stewie GriffinSeth MacFarlane
50%
"The Nanny"Fran Drescher
47%
Batman and "Family Guy" actorAdam West
46%
"I got a fever, and the
only prescription is more cowbell!"
Christopher Walken
42%
Man of a thousand voices,
including Bugs Bunny
Mel Blanc
42%
Loved a country called 'MercaGeorge W. Bush
31%
"AFFLAC!!"Gilbert Gottfried
27%
"Down goes Fraz-ah" sportscasterHoward Cosell
25%
Deadpan voice of Troy McClure
from "The Simpsons"
Phil Hartman
22%

Score Distribution

Percentile by Number Answered

Percent of People with Each Score

Your Score History

You have not taken this quiz